Biblioteca ESET

Ciencias naturales : (Registro nro. 110)

Detalles MARC
000 -CABECERA
fixed length control field 02133Cam#a2200421#a#4500
005 - FECHA Y HORA DE LA ULTIMA TRANSACCION
control field 20220224182327.0
008 - ELEMENTOS DE LONGITUD FIJA-INFORMACION GENERAL
fixed length control field 160309s2012||||ag abo j#f #000|0#spa#d
020 ## - NUMERO INTERNACIONAL NORMALIZADO PARA LIBROS
Número Internacional Normalizado del libro 9789501303803
040 ## - FUENTE DE CATALOGACION
Agencia de catalogación original AR-BeUNQ
Idioma de catalogación ESPAÑOL
082 04 - NUMERO DE CLASIFICACION DECIMAL DEWEYMBER
Número de clasificación 507
Número de la edición 21
245 00 - MENCION DE TITULO
Título Ciencias naturales :
Otra información sobre el título sistemas en interacción.
Mención de responsabilidad, etc autoría, Ariel Carranza... [et al.] ; edición, Silvana Franzetti.
Número de la parte/sección de la obra 1 /
250 ## - MENCION DE EDICION
Mención de edición 1a. ed., 1a. reimpr.
260 ## - PUBLICACION, DISTRIBUCION, ETC.
Lugar de publicación, distribución, etc. Buenos Aires :
Nombre del editor, distribuidor, etc. Kapelusz,
Fecha de publicación, distribución, etc c2012.
300 ## - DESCRIPCION FISICA
Extensión 223 p. :
Otros detalles físicos il., fot., mapas ;
Dimensiones 28 cm +
Material acompañante 1 cuaderno de actividades
490 1# - MENCION DE SERIE
Mención de serie Nuevos desafíos
500 ## - NOTA GENERAL
Nota general Material complementario: Multibloc : ciencias naturales 1.
505 0# - NOTA DE CONTENIDO
Nota de contenido con formato preestablecido La célula, unidad de los seres vivos -- La nutrición de los seres vivos -- La clasificación de los seres vivos -- Los ecosistemas -- Biomas de la Argentina y del mundo -- El cuerpo humano -- La salud humana -- Los sistemas de materiales y sus propiedades -- La diversidad de la energía y sus transformaciones -- Las ondas y la energía -- Los movimientos -- La Tierra y el universo -- Los subsistemas terrestres y sus recursos
650 #7 - ASIENTO SECUNDARIO DE MATERIA - TERMINO TEMATICO
Término temático o nombre geográfico como elemento de entrada Ciencias físicas y naturales
Fuente del encabezamiento o términ spines
650 #7 - ASIENTO SECUNDARIO DE MATERIA - TERMINO TEMATICO
Término temático o nombre geográfico como elemento de entrada Células (biología)
Fuente del encabezamiento o términ spines
650 #7 - ASIENTO SECUNDARIO DE MATERIA - TERMINO TEMATICO
Término temático o nombre geográfico como elemento de entrada Nutrición
Fuente del encabezamiento o términ spines
650 #7 - ASIENTO SECUNDARIO DE MATERIA - TERMINO TEMATICO
Término temático o nombre geográfico como elemento de entrada Taxonomía
Fuente del encabezamiento o términ spines
650 #7 - ASIENTO SECUNDARIO DE MATERIA - TERMINO TEMATICO
Término temático o nombre geográfico como elemento de entrada Ecosistemas
Fuente del encabezamiento o términ spines
650 #7 - ASIENTO SECUNDARIO DE MATERIA - TERMINO TEMATICO
Término temático o nombre geográfico como elemento de entrada Regiones climáticas
Fuente del encabezamiento o términ spines
650 #7 - ASIENTO SECUNDARIO DE MATERIA - TERMINO TEMATICO
Término temático o nombre geográfico como elemento de entrada Fisiología
Fuente del encabezamiento o términ spines
650 #7 - ASIENTO SECUNDARIO DE MATERIA - TERMINO TEMATICO
Término temático o nombre geográfico como elemento de entrada Salud
Fuente del encabezamiento o términ spines
650 #7 - ASIENTO SECUNDARIO DE MATERIA - TERMINO TEMATICO
Término temático o nombre geográfico como elemento de entrada Química
Fuente del encabezamiento o términ spines
650 #7 - ASIENTO SECUNDARIO DE MATERIA - TERMINO TEMATICO
Término temático o nombre geográfico como elemento de entrada Energía (física)
Fuente del encabezamiento o términ spines
650 #7 - ASIENTO SECUNDARIO DE MATERIA - TERMINO TEMATICO
Término temático o nombre geográfico como elemento de entrada Movimiento (física)
Fuente del encabezamiento o términ spines
650 #7 - ASIENTO SECUNDARIO DE MATERIA - TERMINO TEMATICO
Término temático o nombre geográfico como elemento de entrada Astronomía
Fuente del encabezamiento o términ spines
650 #7 - ASIENTO SECUNDARIO DE MATERIA - TERMINO TEMATICO
Término temático o nombre geográfico como elemento de entrada Tierra (planeta)
Fuente del encabezamiento o términ spines
700 1# - ASIENTO SECUNDARIO - NOMBRE DE PERSONA
Personal name Carranza, Ariel,
Relator term autor
Relationship aut
700 1# - ASIENTO SECUNDARIO - NOMBRE DE PERSONA
Personal name Franzetti, Silvana,
Relator term editora
Relationship edt
830 #0 - ASIENTO SECUNDARIO DE SERIE--TITULO UNIFORME
Título uniforme Nuevos desafíos (Kapeluz).
929 ## - DATOS DE ADQUISICION
Procedencia COMPRA
Proveedor El Monje Libros
Orden de compra Compra 2015 Exp. 827-2158/15
Precio 213,30 (obra completa)
Fecha de recibido 20151229
Patrimonio UNQ PAT0062393
Número de inventario 54242
929 ## - DATOS DE ADQUISICION
Procedencia COMPRA
Proveedor El Monje Libros
Orden de compra Compra 2015 Exp. 827-2158/15
Precio 213,30 (obra completa)
Fecha de recibido 20151229
Patrimonio UNQ PAT0062394
Número de inventario 54243
929 ## - DATOS DE ADQUISICION
Procedencia COMPRA
Proveedor El Monje Libros
Orden de compra Compra 2015 Exp. 827-2158/15
Precio 213,30 (obra completa)
Fecha de recibido 20151229
Patrimonio UNQ PAT0063061
Número de inventario 54770
942 ## - ELEMENTOS DE PUNTO DE ACCESO ADICIONAL (KOHA)
Tipo de ítem Koha Libros
Suppress in OPAC 0
Existencias
Estado de retiro Estado de pérdida Ubicación permanente Ubicación actual Ubicación en estantería Fecha de ingreso Numeración serial Total Checkouts Signatura topográfica completa Inventario Date last seen Número de copia Tipo de ítem Koha Operador
    Biblioteca ESET - UNQ Biblioteca ESET - UNQ CIRCULACION 02/06/2016 v. 1   507 CIE 54242 02/06/2016 1 Libros CMG
    Biblioteca ESET - UNQ Biblioteca ESET - UNQ CIRCULACION 02/06/2016 v. 1   507 CIE 54243 02/06/2016 2 Libros CMG
    Biblioteca ESET - UNQ Biblioteca ESET - UNQ CIRCULACION 20/07/2016 v. 1   507 CIE 54770 20/07/2016 3 Libros CG

ESET UNQ

☏ 4365-7188
 Avenida República de Francia 1714 entre Doctor Kenny y Concordia, Ezpeleta, Bs As.
✉ secretaria_eset@unq.edu.ar

Con tecnología Koha